000 00293nam a22001337a 4500
008 170801b xxu||||| |||| 00| 0 eng d
020 _a0471043281
041 _aeng
080 _a004
100 _a32
101 _aSHK
245 _aTHE ART OF SOFTWARE TESTING
_cMYESS,G.J
942 _2udc
_cBK
999 _c22337
_d22337